1128 1772 1274 1371 1359 1277 1859 1650 1973 1560 1295 1765 1325 1828 1943 1649 1936 1959 1060 1293 1805 1128 1188 1924 1510 1840 1880 1410 1521 1676 1256 1535 1745 1401 1823 1224 1264 1291 1131 1614 1697 1446 1056 1782 1093 1041 1782 1541 1069 1331 1636 1519 1909 1353 1024 1681 1419 1298 1983 1053 1537 1425 1670 1846 1908 1631 1733 1445 1960 1681 1765 1705 1488 1660 1082 1546 1807 1938 1937 1216 1960 1388 1997 1333 1631 1940 1375 1579 1648 1333 1952 1349 1850 1235 1069 1630 1297 1722 1853 BCNSPRNW ULIB Ver.6.0+V

เปลี่ยนเป็นภาษาไทย

Change to English
 แสดงรายละเอียดบรรณานุกรม
  กลับหน้าหลัก

Brief Record : Get Marc (ISO 2709) : E-mail record : QR code < ปิดหน้าต่าง
LEADER : 00000nam 2200000 a 4500
001    13399114494
003     ULIB
008    100826s2010 us a 000 0 eng d
020    ^a9780763755805
060 04 ^aWY152^bG377
245 00 ^aGerontological nursing :^bcompetencies for care /^cedited
250    ^a2nd ed.
260    ^aBoston :^bJones and Bartlett Publishers,^cc2010
300    ^axvii, 869 p. :^bill. ;^c23 cm.
500    ^aSend to Single Search
650  2 ^aAging^xphysiology
650  2 ^aAging^xpsychology
650  2 ^aGeriatric Nursing
700 1  ^aMauk, Kristen L.,^eed.
945    ^p0^l0^i031616
995    ^aKesorn
999 ^a ใช้งานได้ทุกระบบ
รายการนี้ยังไม่มีแท็ก
คุณยังไม่ได้ล็อกอิน คุณสามารถมีกิจกรรมร่วมกับเว็บไซต์ได้ แต่ต้องล็อกอินก่อน ::
  ล็อกอิน

รายการสื่อสารสนเทศ

ลำดับที่ ประเภท เลขเรียก/บาร์โค้ด สถานที่ สถานะ
- ไม่พบข้อมูล -

รายการใกล้เคียง
    หัวเรื่อง [Geriatric Nursing]

BibComment


ยังไม่เคยถูกคอมเมนท์

คอมเมนท์ทรัพยากรรายการนี้
  คอมเมนท์: Gerontological n..


 Copyright 2026. Bcnsprnw @Library